Entrenamiento médico para la cesación del tabaquismo / (Registro nro. 2170)

Detalles MARC
000 -LEADER
fixed length control field 01432nam a2200385 a 4500
005 - FECHA ULTIMA MODIFICACION
control field 20240506134301.0
008 - CAMPO DE CONTROL (LIBRO)
fixed length control field 100318t2004||||ag a f |||| 001 0 spa d
020 ## - INTERNATIONAL STANDARD BOOK NUMBER
ISBN 9879165489
041 ## - CODIGO DE IDIOMA
Código de idioma del texto/pista de sonido o título separado spa
092 ## - SIGNATURA TOPOGRAFICA DEWEY LOCAL
número de clasificación 616.89
libristica 54
sección MUL
100 1# - ENTRADA PRINCIPAL--NOMBRE PERSONAL
Nombre personal Müller, Fernando W.
9 (RLIN) 471
Función Compilador
245 ## - TITULO PROPIAMENTE DICHO
Título Entrenamiento médico para la cesación del tabaquismo /
Mención de responsabilidad y remanente de la transcripción de la portada Fernando W. Müller
250 ## - MENCION DE EDICION
Mención de edición 1a ed.
260 ## - PIE DE IMPRENTA
Lugar de publicación, distribución, etc Buenos Aires:
Nombre de la editorial, distribuidor, etc Polemos;
Fecha de publicación 2004.
300 ## - DESCRIPCION FISICA
Extension 254 p.
500 ## - NOTA GENERAL
Nota general Müller, F. W. (2004). Entrenamiento médico para la cesación del tabaquismo. (1a ed.). Buenos Aires : Polemos.
653 #3 - TÉRMINO INDIZADO - PALABRAS CLAVES
Palabra clave Primera parte: El tabaco y la salud
653 ## - TÉRMINO INDIZADO - PALABRAS CLAVES
Palabra clave Pelea contra un gigante. Su historia
653 #3 - TÉRMINO INDIZADO - PALABRAS CLAVES
Palabra clave El tabaquismo mata. Sus trampas
653 ## - TÉRMINO INDIZADO - PALABRAS CLAVES
Palabra clave Consumo de tabaco en el mundo
653 ## - TÉRMINO INDIZADO - PALABRAS CLAVES
Palabra clave Fumar sin querer
653 ## - TÉRMINO INDIZADO - PALABRAS CLAVES
Palabra clave Humo del cigarrillo y carcinogénesis
653 #1 - TÉRMINO INDIZADO - PALABRAS CLAVES
Palabra clave ¿Qué es fumar?
653 ## - TÉRMINO INDIZADO - PALABRAS CLAVES
Palabra clave Tabaco y sistemas. Los efectos adversos del tabaco sobre la salud
653 ## - TÉRMINO INDIZADO - PALABRAS CLAVES
Palabra clave Tabaco e hipertensión arterial
653 ## - TÉRMINO INDIZADO - PALABRAS CLAVES
Palabra clave Tabaco y diabetes
653 ## - TÉRMINO INDIZADO - PALABRAS CLAVES
Palabra clave Segunda parte: Cesación y tratamiento médico
653 ## - TÉRMINO INDIZADO - PALABRAS CLAVES
Palabra clave Tratamiento MEDEF
653 ## - TÉRMINO INDIZADO - PALABRAS CLAVES
Palabra clave Tratamiento farmacológico
653 ## - TÉRMINO INDIZADO - PALABRAS CLAVES
Palabra clave Tratamiento médico. "Entrevistas"
653 ## - TÉRMINO INDIZADO - PALABRAS CLAVES
Palabra clave Grupos MEDEF
653 ## - TÉRMINO INDIZADO - PALABRAS CLAVES
Palabra clave Anexo:Legislación Nacional e Internacional de control de tabaco
653 ## - TÉRMINO INDIZADO - PALABRAS CLAVES
Palabra clave Anexo: Sumar esfuerzos
942 ## - ADDED ENTRY ELEMENTS (KOHA)
Source of classification or shelving scheme Dewey Decimal Classification
Item type Libros
Existencias
Estado de retiro Existencia Fuente de clasificación Estado general No para prestamo Ubicación permanente ubicación actual Sala de ubicación Fecha de adquisición Fuente de adquisición Total Checkouts Número de clasificación Código de barras Date last seen Date last borrowed Número de ejemplar Price effective from Koha tipo de elemento (item) Public note
    Dewey Decimal Classification     Biblioteca Medicina Biblioteca Medicina Circulación 30/06/2015 Donación Manuel Ciruzzi, Junio 2015 2 616.89 54 MUL 3503 12/05/2017 11/05/2017 Ej.1 30/06/2015 Libros Donación Manuel Ciruzzi, Junio 2015

UNIVERSIDAD NACIONAL DEL COMAHUE
Biblioteca de la Facultad de Ciencias Médicas
Sede Toschi: Los Arrayanes y Av. Toschi, Cipolletti  - Rio Negro
Sede Los Tordos:  Yrigoyen al 2211, Cipolletti - Rio Negro 

Teléfono: 0299 - 4774707 int 25
Contacto: biblioteca@facimed.uncoma.edu.ar
© 2011 - 2026